000 01387naa a22003617a 4500
001 BR7703973
003 BR-BrBNA
005 20240918174023.0
007 ta
008 230509b bl.||||| |||| 00| 0 por d
040 _aBR-BrBNA
_bpor
_cBiblioteca Nacional de Agricultura
041 _a(Pt)
072 _aH60; F00
_b1410
_b3876
_bG514
090 _aH60 BR7703973
100 1 _aVenturella, L.R.C.
100 1 _aRuckheim Filho, O.
100 1 _aMedeiros, M.C. dos S.
100 1 _aMayer, E.M.
111 1 _a14. Reuniao Tecnica Anual do Feijao
_cPorto Alegre, RS (Brazil)
_d20 Jul 1977
245 1 _aEstudo do controle integrado de herbicidas e praticas culturais ao controle das plantas invasoras em feijoeiro (Phaseolus vulgaris L.)[Erva daninha; Controle quimico; Fitotoxicidade; Plantio; Rio Grande do Sul; Brasil]
260 3 _aPorto Alegre, RS (Brasil):
_c1977.
500 _aAta da 14. Reuniao Tecnica Anual do Feijao Porto Alegre, RS (Brasil): 1977. p. 12-20 (BR7703973-AM)H60
650 _aErva daninha
650 _aProducao vegetal
650 _aFeijao
650 _aHerbicida
650 _aControle quimico
650 _aPratica cultural
650 _aRio Grande do Sul
773 0 _tAta da 14. Reuniao Tecnica Anual do Feijao
_wH60 BR7703973
_gPorto Alegre, RS (Brasil), 1977. p. 12-20
909 _a202404
_bLucia
_c55
_dLucia Elande
942 _cAM
_2AGRIS
999 _c308384
_d308384